00299pab a2200121 454500008004000000100001800040245004100058260000900099300001000108362000900118650002000127773003000147180718b1988 xxu||||| |||| 00| 0 eng d aSharma, Urmil aLiving standards, poverty and health c1988 a45-52 aJun. aHealth Services aJournal Of Family Welfare